Animales que comienzan con C - Estadísticas

Estadísticas generales
  • Esta prueba ha sido intentada 73 veces
  • La puntuación promedio es 14 de 16
Estadísticas de respuestas
Imagen Respuesta % Correcto
Caracol
100%
Cebra
100%
Caballo
98%
Calamar
98%
Camello
98%
Canguro
98%
Cabra
97%
Conejo
97%
Cucaracha
97%
Cobra
94%
Camaleon
92%
Chimpancé
92%
Castor
75%
Ciervo
73%
Codorniz
54%
Cóndor
54%
No se encontraron pruebas coincidentes
Distribución de puntuación
Porcentaje de gente con cada puntuación
Porcentaje por número respondido
Historial de tus puntuaciones
No has intentado esta prueba.